Hydraulics of dams and reservoirs
Saved in:
| Main Author: | |
|---|---|
| Format: | Book |
| Language: | English |
| Published: |
Highlands Ranch :
Water Resources Publications,
1994
|
| Tags: |
No Tags, Be the first to tag this record!
|
MARC
| LEADER | 00000nam a22000003a 4500 | ||
|---|---|---|---|
| 001 | stu93275 | ||
| 005 | 20150617225617.4 | ||
| 008 | 050310s1994----xxu-----------------eng-d | ||
| 020 | |a 0-918334-80-2 | ||
| 040 | |a STU |b slo | ||
| 041 | 0 | |a eng | |
| 044 | |a xxu | ||
| 080 | |a 556.3 | ||
| 100 | 1 | |a Şentürk, Fuat |4 aut | |
| 245 | 1 | |a Hydraulics of dams and reservoirs | |
| 260 | |a Highlands Ranch : |b Water Resources Publications, |c 1994 | ||
| 300 | |a 24,788 s.;obr.,tab.,schémy | ||
| 996 | |b 284V036324 |c V*48647/O-21443 |l VVT |s A |a 24 |w stu93275_0001 | ||